00605cam a22002051 450000100060000000300080000600500170001400800410003103500200007203500190009204000410011104100080015208200220016010000170018224500700019926000410026930000280031049000300033865000310036832156BD-RjUL20211209051809.0140424s1963 enk 000 0 eng d a(BD-RjUL) 32245 a(OCoLC)6374821 aDLCcNGenoUdNGenoUdOCoLCdDLCbeng aeng00a822.914bARB 19631 aArden, John.14aThe business of good government :ba Christmas play /cJohn Arden aLondon :bMethuen & Co Ltd,c c1963. a54 p. :bill. ;c19 cm.0 aAn Evergreen book,vE-412 0aChristmas plays, English.